00594 a2200181 4500003000400000005001700004008004100021020001500062040000900077082001700086100003700103245004400140260003400184300001000218942004000228952012700268999001700395OSt20240823123148.0231019b |||||||| |||| 00| 0 eng d a9953754756 coclc a822.6bSHE/R aSheridan, Richard Brinsley94668 aTHE RIVALS /cRichard Brinsley Sheridan aBeirut:bDar Al-Bihar,c2009. a285 p 2ddccBKh822.6iSHE/Rk822.6mSHE/R 00102ddc40708DRAaMESbMEScARBd2023-10-19l0o822.6 SHE/Rp42893r2023-10-19 10:05:58v750.00w2023-10-19yBKzGR5R3 c42659d42659